Story of Maharaja Ranjit Singh / (Record no. 14158)
[ view plain ]
| 000 -LEADER | |
|---|---|
| fixed length control field | 01427nam a22002537a 4500 |
| 005 - DATE AND TIME OF LATEST TRANSACTION | |
| control field | 20080701142817.0 |
| 008 - FIXED-LENGTH DATA ELEMENTS--GENERAL INFORMATION | |
| fixed length control field | 080701t xxu||||| |||| 00| 0 eng d |
| 020 ## - INTERNATIONAL STANDARD BOOK NUMBER | |
| International Standard Book Number | 8170102057 |
| Terms of availability | 95.00 |
| 035 ## - SYSTEM CONTROL NUMBER | |
| System control number | B-263214-218 |
| 037 ## - SOURCE OF ACQUISITION | |
| Stock number | 04200816 / 12.4.08 |
| Source of stock number/acquisition | Hemkunt Press/12.4.08/13/8.4.08/19.5.08/95.00/ |
| 040 ## - CATALOGING SOURCE | |
| Original cataloging agency | DPL |
| Language of cataloging | EN |
| 082 ## - DEWEY DECIMAL CLASSIFICATION NUMBER | |
| Classification number | S / MAN |
| 100 ## - MAIN ENTRY--PERSONAL NAME | |
| Personal name | Mansukhani, Govind Singh |
| 245 ## - TITLE STATEMENT | |
| Title | Story of Maharaja Ranjit Singh / |
| Statement of responsibility, etc | by Gobind Singh Mansukhani |
| 260 ## - PUBLICATION, DISTRIBUTION, ETC. (IMPRINT) | |
| Place of publication, distribution, etc | New Delhi |
| Name of publisher, distributor, etc | Hemkunt Press |
| Date of publication, distribution, etc | 2006 |
| 270 ## - ADDRESS | |
| Address | A-78 Naraina Industrial Area, Phase I |
| City | New Delhi |
| Postal code | 110028 |
| 300 ## - PHYSICAL DESCRIPTION | |
| Extent | 72p.: |
| Other physical details | col.ill. |
| Dimensions | 25 cm.(Hb) |
| 942 ## - ADDED ENTRY ELEMENTS (KOHA) | |
| Koha item type | Children Books |
| Withdrawn status | Lost status | Damaged status | Not for loan | Collection code | Home library | Current library | Date acquired | Source of acquisition | Cost, normal purchase price | Total Checkouts | Full call number | Barcode | Date last seen | Cost, replacement price | Price effective from | Koha item type | Date checked out | Copy number |
|---|---|---|---|---|---|---|---|---|---|---|---|---|---|---|---|---|---|---|
| Fiction | Central Library | Central Library | 01/07/2008 | Hemkunt Press/12.4.08/13/8.4.08/19.5.08/95.00/ | 95.00 | S / MAN | B-263214 | 15/09/2008 | 95.00 | 15/09/2008 | Children Books | |||||||
| Fiction | Karol Bagh | Karol Bagh | 01/07/2008 | 95.00 | S / MAN | B-263217 | 15/09/2008 | 95.00 | 15/09/2008 | Children Books | 1 | |||||||
| Fiction | Patel Nagar | Patel Nagar | 01/07/2008 | 95.00 | S / MAN | B-263215 | 15/09/2008 | 95.00 | 15/09/2008 | Children Books | 1 | |||||||
| Fiction | Sarojini Nagar | Sarojini Nagar | 01/07/2008 | Hemkunt Press/12.4.08/13/8.4.08/19.5.08/95.00/ | 95.00 | 1 | / MAN | B-263216 | 07/10/2023 | 95.00 | 15/09/2008 | Children Books | 26/09/2023 | 1 | ||||
| Fiction | Shahdara Branch | Shahdara Branch | 01/07/2008 | Hemkunt Press/12.4.08/13/8.4.08/19.5.08/95.00/ | 95.00 | S / MAN | B-263218 | 15/09/2008 | 95.00 | 15/09/2008 | Children Books |
